William Saroyan : the man and the writer remembered /

Bibliographic Details
Other Authors: Hamalian, Leo
Format: Book
Language:English
Published: Rutherford [N.J.] : London : Fairleigh Dickinson University Press ; Associated University Presses, [1987]
Subjects:

MARC

Tag First Indicator Second Indicator Subfields
LEADER 00000cam a2200000 a 4500
001 in00000006915
005 20151004070010.0
008 861212s1987 njua b 00100 eng
010 |a  86045936  
020 |a 0838633080 (alk. paper) 
035 |a (OCoLC)15018359 
035 |9 AAA1373AM 
040 |a DLC  |c DLC  |d TXA  |d UtOrBLW 
049 |a TXAM  |c [A12617941] 
050 0 0 |a PS3537.A826  |b Z93 1987 
082 0 |a 818/.5209  |a B  |2 19 
245 0 0 |a William Saroyan :  |b the man and the writer remembered /  |c edited by Leo Hamalian. 
264 1 |a Rutherford [N.J.] :  |b Fairleigh Dickinson University Press ;  |a London :  |b Associated University Presses,  |c [1987] 
264 4 |c ©1987 
300 |a 259 pages :  |b illustrations ;  |c 25 cm. 
336 |a text  |b txt  |2 rdacontent 
337 |a unmediated  |b n  |2 rdamedia 
338 |a volume  |b nc  |2 rdacarrier 
504 |a "Selected books by William Saroyan": pages 248-250. 
500 |a Includes index. 
600 1 0 |a Saroyan, William,  |d 1908-1981. 
650 0 |a Authors, American  |y 20th century  |v Biography. 
700 1 |a Hamalian, Leo. 
999 |a MARS 
999 f f |s 7cb210b9-ce70-3157-b127-3e25c0377f75  |i f2cd9f6c-13d1-374b-bb1c-125e02a07e76  |t 0 
952 f f |p normal  |a Texas A&M University  |b College Station  |c Sterling C. Evans Library  |d Evans: Library Stacks  |t 0  |e PS3537.A826 Z93 1987  |h Library of Congress classification  |i unmediated -- volume  |m A14812617941 
998 f f |a PS3537.A826 Z93 1987  |t 0  |l Evans: Library Stacks